Le droit de la raison.

সংরক্ষণ করুন:
গ্রন্থ-পঞ্জীর বিবরন
প্রধান লেখক: Leibniz, Gottfried Wilhelm (autor)
বিন্যাস: গ্রন্থ
ভাষা:ফরাসি
প্রকাশিত: Paris, France: Librairie philosophique J. Vrin, 1994.
মালা:Bibliothèque des Textes Philosophiques.
বিষয়গুলি:
ট্যাগগুলো: ট্যাগ যুক্ত করুন
কোনো ট্যাগ নেই, প্রথমজন হিসাবে ট্যাগ করুন!

MARC

LEADER 00000nam a2200000 a 4500
001 UCG6328
003 CL-VaPUC
005 20220822114402.0
008 110414e19940000FR |||||||||||||||||fre|d
999 |c 344589  |d 344587 
020 |a 2-7116-1198-1 
040 |c Pontificia Universidad Católica de Valparaíso 
082 0 4 |a 340.11 LEI 1994   |2 21 
100 |a Leibniz, Gottfried Wilhelm   |e autor  |9 429654 
245 1 3 |a Le droit de la raison.  
260 |a Paris, France:   |b Librairie philosophique J. Vrin,   |c 1994. 
300 |a 256 páginas.  
490 0 |a Bibliothèque des Textes Philosophiques. 
500 |a c.2 Donación Familia Prof. Alejandro Guzmán Brito. 
583 |a last modification  |c 20110414 00:00:00  |k Rodrigo Vera 
650 0 |a Filosofía del derecho   |9 255050 
650 0 |a Obligaciones   |9 255578 
650 0 |a Normas jurídicas  |9 258310 
650 0 |a Derecho y política  |9 257017 
942 |c BK  |2 ddc  |n 0 
945 |d 20110414 00:00:00  |a jcampos 
952 |0 0  |1 0  |4 0  |6 340_110000000000000_LEI_1994  |7 0  |8 A  |9 442640  |a BIBDER  |b BIBDER  |d 2019-11-22  |i 4766377  |o 340.11 LEI 1994  |p 4766377  |r 2023-01-25  |w 2019-11-22  |y BK  |k DER